Score 0/20 Timer 03:00
48 Plays Today
Question Answer Wrong Answers
Donnerstag German
96.2%
Spanish
0.3%
French
0.1%
Italian
0.1%
Dienstag German
96.1%
Spanish
0.4%
French
0.2%
Italian
0.1%
Freitag German
95.2%
Spanish
0.3%
French
0.6%
Italian
0.5%
Mittwoch German
94.5%
Spanish
0.4%
French
0.7%
Italian
0.9%
Sonntag German
93.8%
Spanish
1%
French
1.1%
Italian
0.7%
Giovedì Italian
89%
German
1.6%
Spanish
2.9%
French
2.7%
Sábado Spanish
87.5%
German
0.6%
French
0.6%
Italian
7.8%
Jueves Spanish
83.6%
German
1.4%
French
7%
Italian
4.7%
Jeudi French
81.6%
German
3.2%
Spanish
3.5%
Italian
8.3%
Mardi French
80.3%
German
0.6%
Spanish
8.2%
Italian
7.6%
Lunes Spanish
80%
German
0.7%
French
9.7%
Italian
6.3%
Venerdì Italian
77.7%
German
0.8%
Spanish
5.6%
French
12.2%
Miércoles Spanish
77.3%
German
0.8%
French
9.5%
Italian
9.1%
Mercredi French
77.2%
German
1%
Spanish
3.5%
Italian
15.1%
Mercoledì Italian
76.8%
German
0.9%
Spanish
9.2%
French
9.4%
Dimanche French
74.5%
German
7.7%
Spanish
4.2%
Italian
10.4%
Viernes Spanish
73.3%
German
2.3%
French
10.1%
Italian
10.9%
Lunedì Italian
66.9%
German
1%
Spanish
9%
French
19.6%
Samedi French
66%
German
3%
Spanish
6.2%
Italian
21%
Domenica Italian
58.2%
German
1.1%
Spanish
33.3%
French
3.7%

Today's Daily Dose

Remove Ads.
Support Sporcle.
Get the best of Sporcle when you Go Orange. This ad-free experience offers more features, more stats, and more fun while also helping to support Sporcle. Thank you for becoming a member.

You're not logged in!

Compare scores with friends on all Sporcle quizzes.
OR
Log In

Show Comments

Extras

Top Quizzes Today


Score Distribution

Your Account Isn't Verified!

In order to create a playlist on Sporcle, you need to verify the email address you used during registration. Go to your Sporcle Settings to finish the process.

Report this User

Report this user for behavior that violates our Community Guidelines.

Details: